[Event "Vladimir Dvorkovich Mem 2014"]
[Site "Taganrog RUS"]
[Date "2014.01.20"]
[Round "3.28"]
[White "Dmitriev, Ig"]
[Black "Gunchenko, Vadim"]
[Result "1-0"]
[WhiteElo "2298"]
[BlackElo "2032"]
[PlyCount "53"]
[EventDate "2014.01.18"]
[EventType "swiss"]
[EventRounds "9"]
[EventCountry "RUS"]
[Source "Mark Crowther"]
[SourceDate "2014.01.27"]

1. Nf3 d5 2. c4 e6 3. b3 Nf6 4. Bb2 Be7 5. e3 O-O 6. Be2 c5 7. a3 Nc6 8. cxd5
Nxd5 9. Qc2 b6 10. b4 Bb7 11. bxc5 Bxc5 12. Nc3 Nf6 13. d4 Be7 14. O-O Rc8 15.
Bd3 g6 16. Qe2 Na5 17. Rad1 Qc7 18. Ne5 Rfd8 19. f3 Nd5 20. Nxd5 exd5 21. f4
Qd6 22. f5 Rf8 23. Qf3 f6 24. fxg6 fxe5 25. Qh5 hxg6 26. Bxg6 Rxf1+ 27. Rxf1
1-0

[Event "Vladimir Dvorkovich Mem 2014"]
[Site "Taganrog RUS"]
[Date "2014.01.20"]
[Round "3.29"]
[White "Frolov, Andrey"]
[Black "Esipenko, Andrey"]
[Result "1-0"]
[WhiteElo "2164"]
[BlackElo "2289"]
[PlyCount "88"]
[EventDate "2014.01.18"]
[EventType "swiss"]
[EventRounds "9"]
[EventCountry "RUS"]
[Source "Mark Crowther"]
[SourceDate "2014.01.27"]

1. e4 c5 2. Nf3 d6 3. d4 cxd4 4. Nxd4 Nf6 5. Nc3 Nc6 6. Be2 e6 7. O-O Be7 8.
Be3 O-O 9. f4 e5 10. fxe5 dxe5 11. Nf5 Bxf5 12. Rxf5 Qa5 13. Kh1 Rad8 14. Bd3
Nd4 15. Rf1 Qb6 16. a3 Qd6 17. Bg5 Ne8 18. Bxe7 Qxe7 19. Nd5 Qd6 20. c3 Ne6 21.
Qe2 N8c7 22. Rad1 Nxd5 23. exd5 Nf4 24. Qf3 f5 25. Bc2 g6 26. c4 Rc8 27. b3 b5
28. g3 Nh5 29. Qc3 Nf6 30. Rfe1 Nd7 31. Qe3 bxc4 32. Qxa7 cxb3 33. Bxb3 Nc5 34.
Qe7 Qxe7 35. d6+ Nxb3 36. dxe7 Rfe8 37. Rxe5 Kf7 38. Rd7 Nc5 39. Ra7 Ne6 40. a4
Rxe7 41. Ra6 Rc5 42. Re3 Nc7 43. Rxe7+ Kxe7 44. Ra7 Kd7 1-0

[Event "Vladimir Dvorkovich Mem 2014"]
[Site "Taganrog RUS"]
[Date "2014.01.20"]
[Round "3.30"]
[White "Sarana, A."]
[Black "Aivazian, Grigory"]
[Result "1/2-1/2"]
[WhiteElo "2283"]
[BlackElo "1981"]
[PlyCount "115"]
[EventDate "2014.01.18"]
[EventType "swiss"]
[EventRounds "9"]
[EventCountry "RUS"]
[Source "Mark Crowther"]
[SourceDate "2014.01.27"]

1. d4 d5 2. c4 c6 3. Nf3 Nf6 4. Nc3 dxc4 5. a4 Bf5 6. Ne5 Nbd7 7. Nxc4 Nb6 8.
Ne5 a5 9. f3 Nfd7 10. e4 Nxe5 11. exf5 Ned7 12. d5 g6 13. dxc6 bxc6 14. Qd4 Rg8
15. fxg6 Rxg6 16. Qh4 Nd5 17. Nxd5 cxd5 18. Qf2 e6 19. Bb5 Bb4+ 20. Kf1 Kf8 21.
g3 Kg8 22. Kg2 h5 23. Be3 Bd6 24. f4 f5 25. Bxd7 Qxd7 26. Bd4 h4 27. Rhg1 Rc8
28. Rgc1 Rxc1 29. Rxc1 Qxa4 30. Rc8+ Kf7 31. Ra8 Qd1 32. Rh8 hxg3 33. hxg3 Bb4
34. Bc3 d4 35. Qxd4 Qe2+ 36. Qf2 Qxf2+ 37. Kxf2 Bxc3 38. bxc3 Rg8 39. Rxg8 Kxg8
40. Ke3 Kf7 41. Kd4 e5+ 42. fxe5 Ke6 43. Kc5 Kxe5 44. Kb5 a4 45. Kxa4 Ke4 46.
c4 Kf3 47. c5 Kxg3 48. c6 f4 49. c7 f3 50. c8=Q f2 51. Qg8+ Kh2 52. Qh7+ Kg1
53. Qg6+ Kh1 54. Qh5+ Kg1 55. Qg4+ Kh1 56. Qh3+ Kg1 57. Qg3+ Kh1 58. Qxf2
1/2-1/2

[Event "Vladimir Dvorkovich Mem 2014"]
[Site "Taganrog RUS"]
[Date "2014.01.20"]
[Round "3.31"]
[White "Hudyakov, S."]
[Black "Kovalchuk, Al RUS"]
[Result "1-0"]
[WhiteElo "2094"]
[BlackElo "2276"]
[PlyCount "87"]
[EventDate "2014.01.18"]
[EventType "swiss"]
[EventRounds "9"]
[EventCountry "RUS"]
[Source "Mark Crowther"]
[SourceDate "2014.01.27"]

1. d4 Nf6 2. c4 c5 3. d5 e6 4. Nc3 exd5 5. cxd5 d6 6. e4 g6 7. Bd3 Bg7 8. h3
O-O 9. Nf3 a6 10. a4 Nh5 11. g4 Nf6 12. Bf4 Re8 13. Nd2 Qc7 14. Nc4 Bf8 15. Qf3
Nbd7 16. O-O Rb8 17. a5 b5 18. axb6 Nxb6 19. Na5 Nfd7 20. Nc6 Ra8 21. Rfd1 Bb7
22. Qg3 c4 23. Bc2 f6 24. Nd4 Nc5 25. Be3 Nbd7 26. f4 Re7 27. Qf3 Rae8 28. Qf1
Nb6 29. Bf2 Bg7 30. f5 Re5 31. Re1 Bh6 32. Rad1 Bf4 33. Bh4 g5 34. Qf2 Nxd5 35.
exd5 gxh4 36. Rxe5 dxe5 37. Ne6 Nxe6 38. fxe6 Qe7 39. Qb6 e4 40. Nxe4 Bc7 41.
Qf2 Be5 42. Qc5 Qg7 43. d6 Rc8 44. d7 1-0

[Event "Vladimir Dvorkovich Mem 2014"]
[Site "Taganrog RUS"]
[Date "2014.01.20"]
[Round "3.32"]
[White "Taysayev, T."]
[Black "Krivochkin, Ilya"]
[Result "1-0"]
[WhiteElo "2233"]
[BlackElo "1936"]
[PlyCount "63"]
[EventDate "2014.01.18"]
[EventType "swiss"]
[EventRounds "9"]
[EventCountry "RUS"]
[Source "Mark Crowther"]
[SourceDate "2014.01.27"]

1. e4 e6 2. d4 d5 3. Nc3 Nf6 4. Bg5 Be7 5. e5 Nfd7 6. Bxe7 Qxe7 7. f4 a6 8. Nf3
c5 9. Bd3 Nc6 10. O-O Nb4 11. dxc5 Qxc5+ 12. Kh1 Nb6 13. a3 Nc6 14. Qe1 h6 15.
b4 Qe7 16. Qe3 Qc7 17. Rac1 O-O 18. Ne2 Bd7 19. c4 dxc4 20. Bxc4 Nxc4 21. Rxc4
Rac8 22. Ng3 Qb8 23. f5 exf5 24. Nh5 f4 25. Rxf4 Ne7 26. Nh4 Ng6 27. Qg3 Rc6
28. Nf6+ gxf6 29. Nxg6 fxg6 30. Qxg6+ Kh8 31. Qxh6+ Kg8 32. Qg6+ 1-0

[Event "Vladimir Dvorkovich Mem 2014"]
[Site "Taganrog RUS"]
[Date "2014.01.20"]
[Round "3.33"]
[White "Becker, Max"]
[Black "Pligin, G."]
[Result "1-0"]
[WhiteElo "2211"]
[BlackElo "1928"]
[PlyCount "71"]
[EventDate "2014.01.18"]
[EventType "swiss"]
[EventRounds "9"]
[EventCountry "RUS"]
[Source "Mark Crowther"]
[SourceDate "2014.01.27"]

1. d4 Nf6 2. Nf3 d5 3. c4 e6 4. Nc3 Nbd7 5. cxd5 exd5 6. Bg5 c6 7. e3 Be7 8.
Bd3 Nh5 9. Bxe7 Qxe7 10. Qc2 g6 11. O-O O-O 12. Rab1 f5 13. b4 a6 14. Ne2 Kg7
15. a4 Kh6 16. b5 axb5 17. axb5 c5 18. dxc5 Nxc5 19. Rbc1 b6 20. Nf4 Bb7 21.
Nxh5 Kxh5 22. Nd4 Qf6 23. Ra1 Rxa1 24. Rxa1 f4 25. Qd2 Kh6 26. Re1 Bc8 27. Bc2
Bd7 28. exf4 Qxf4 29. Re3 Rf7 30. g3 Qg5 31. h4 Qg4 32. Re4+ Kg7 33. Rxg4 Bxg4
34. Nb3 Bf3 35. Nxc5 bxc5 36. Qc3+ 1-0

[Event "Vladimir Dvorkovich Mem 2014"]
[Site "Taganrog RUS"]
[Date "2014.01.20"]
[Round "3.34"]
[White "Yakimenko, Viktoria"]
[Black "Vlasenko, A."]
[Result "0-1"]
[WhiteElo "1935"]
[BlackElo "2319"]
[PlyCount "88"]
[EventDate "2014.01.18"]
[EventType "swiss"]
[EventRounds "9"]
[EventCountry "RUS"]
[Source "Mark Crowther"]
[SourceDate "2014.01.27"]

1. e4 c5 2. Nf3 a6 3. d4 cxd4 4. Nxd4 e6 5. Nc3 Qc7 6. g3 Nf6 7. Bg2 Nc6 8. O-O
Bc5 9. Be3 Ne5 10. Bg5 b5 11. Nb3 Ba7 12. a4 b4 13. Ne2 Bb7 14. Bxf6 gxf6 15.
c3 f5 16. Nd2 h5 17. cxb4 h4 18. Rc1 Qd8 19. Nc4 Nxc4 20. Rxc4 hxg3 21. hxg3
fxe4 22. Qd6 Bd5 23. Rxe4 Bxe4 24. Bxe4 Qb8 25. Rd1 Qxd6 26. Rxd6 Ke7 27. Rd3
d5 28. Bg2 Rab8 29. Rb3 Rhc8 30. Rc3 Rc4 31. b3 Rxc3 32. Nxc3 d4 33. Ne4 Rxb4
34. Nd2 d3 35. Kf1 Bd4 36. Ke1 Bc3 37. Kd1 Bxd2 38. Kxd2 Rxb3 39. Be4 Ra3 40.
Bxd3 Rxa4 41. f3 Rd4 42. Kc3 Rxd3+ 43. Kxd3 Kd6 44. Kd4 a5 0-1

[Event "Vladimir Dvorkovich Mem 2014"]
[Site "Taganrog RUS"]
[Date "2014.01.20"]
[Round "3.35"]
[White "Nakhbayeva, G."]
[Black "Shamugia, Panteley"]
[Result "1-0"]
[WhiteElo "2287"]
[BlackElo "1961"]
[PlyCount "81"]
[EventDate "2014.01.18"]
[EventType "swiss"]
[EventRounds "9"]
[EventCountry "RUS"]
[Source "Mark Crowther"]
[SourceDate "2014.01.27"]

1. d4 Nf6 2. c4 c5 3. d5 e6 4. Nc3 exd5 5. cxd5 g6 6. Nf3 Bg7 7. Bf4 d6 8. Qa4+
Bd7 9. Qb3 Qc7 10. e4 O-O 11. Nd2 Re8 12. Be2 b6 13. O-O Ng4 14. Bxg4 Bxg4 15.
Nb5 Qd7 16. Nxd6 Be2 17. Nxe8 Qxe8 18. Rfe1 c4 19. Qe3 Bd3 20. e5 Nd7 21. Rac1
b5 22. b3 Nb6 23. Qd4 Rd8 24. d6 Qe6 25. Bg5 Rd7 26. f4 h6 27. Bh4 Qg4 28. Bf2
Qf5 29. Ne4 Bxe4 30. Qxe4 Qe6 31. Bxb6 axb6 32. bxc4 bxc4 33. Qxc4 Qe8 34. Qc8
Rd8 35. Qc6 Qe6 36. Qxb6 Ra8 37. Qb7 Rxa2 38. Qc8+ Bf8 39. Qxe6 fxe6 40. d7 Rd2
41. Red1 1-0

[Event "Vladimir Dvorkovich Mem 2014"]
[Site "Taganrog RUS"]
[Date "2014.01.20"]
[Round "3.36"]
[White "Yakimenko, Anastasia"]
[Black "Bykova, Anastasia"]
[Result "0-1"]
[WhiteElo "1927"]
[BlackElo "2097"]
[PlyCount "226"]
[EventDate "2014.01.18"]
[EventType "swiss"]
[EventRounds "9"]
[EventCountry "RUS"]
[Source "Mark Crowther"]
[SourceDate "2014.01.27"]

1. e4 c6 2. d4 d5 3. exd5 cxd5 4. Bd3 Nc6 5. c3 Nf6 6. Bf4 Bg4 7. Qb3 Qc8 8.
Nd2 e6 9. Ngf3 Be7 10. O-O Bh5 11. Rfe1 Bg6 12. Bxg6 hxg6 13. Ne5 Nxe5 14. Bxe5
O-O 15. Qd1 b5 16. Re3 Nd7 17. Rh3 Qb7 18. Qf3 b4 19. c4 Nxe5 20. dxe5 Rfd8 21.
cxd5 Qxd5 22. Qxd5 Rxd5 23. Nc4 Rc8 24. b3 Bc5 25. Kf1 Rcd8 26. Re1 Bd4 27. g4
Bc5 28. Rf3 Rd4 29. h3 R8d7 30. Kg2 Kf8 31. Kf1 Ke8 32. Rg3 Rf4 33. Re2 Rd1+
34. Kg2 Rd7 35. Kf1 Kf8 36. Rg1 Ke7 37. Kg2 Rfd4 38. Rge1 R4d5 39. Re4 Kd8 40.
Rc1 Ke8 41. Re2 Kf8 42. Rcc2 Kg8 43. Rcd2 Kf8 44. Rxd5 exd5 45. Rd2 Ke7 46. Nb2
Ke6 47. Nd3 Bd4 48. f4 Bc3 49. Nc5+ Ke7 50. Rd3 Rd8 51. Nb7 Rb8 52. Na5 Ke6 53.
Nc6 Rc8 54. f5+ gxf5 55. gxf5+ Kxf5 56. Ne7+ Ke4 57. Rf3 Rc7 58. Nf5 Bxe5 59.
Rf2 d4 60. Nh4 Bf6 61. Nf3 Kd5 62. Rd2 Rc3 63. Kf2 Be5 64. h4 g6 65. Ke2 Bf6
66. Ne1 Re3+ 67. Kd1 a5 68. Ng2 Re4 69. Rf2 Ke6 70. Nf4+ Kd6 71. Nxg6 fxg6 72.
Rxf6+ Re6 73. Rf4 Ke5 74. Rg4 Ra6 75. Kd2 a4 76. Kd3 axb3 77. axb3 Rd6 78. Rg5+
Kf4 79. Rb5 Kg4 80. Rxb4 Kxh4 81. Rb8 g5 82. b4 g4 83. b5 Rd7 84. b6 Kh3 85. b7
Kg3 86. Ke2 d3+ 87. Kd2 Rf7 88. Kxd3 Kf3 89. Kd2 g3 90. Ke1 Re7+ 91. Kd2 Rf7
92. Ke1 Re7+ 93. Kd2 Kg2 94. Kd3 Rf7 95. Ke2 Rg7 96. Ke3 Rf7 97. Ke2 Rg7 98.
Ke3 Kg1 99. Kf3 g2 100. Ke2 Rf7 101. Ke1 Rh7 102. Ke2 Kh1 103. Rg8 Rxb7 104.
Rh8+ Kg1 105. Rh6 Re7+ 106. Kd2 Re5 107. Rh8 Kf2 108. Rf8+ Kg3 109. Rg8+ Kf3
110. Kd3 Rd5+ 111. Kc4 Rf5 112. Kd3 Kf2 113. Ke4 Rf7 0-1

[Event "Vladimir Dvorkovich Mem 2014"]
[Site "Taganrog RUS"]
[Date "2014.01.20"]
[Round "3.37"]
[White "Sipetin, Vladislav"]
[Black "Dida, Igor"]
[Result "1/2-1/2"]
[WhiteElo "2069"]
[BlackElo "1956"]
[PlyCount "89"]
[EventDate "2014.01.18"]
[EventType "swiss"]
[EventRounds "9"]
[EventCountry "RUS"]
[Source "Mark Crowther"]
[SourceDate "2014.01.27"]

1. e4 g6 2. d4 c6 3. Nc3 Bg7 4. Nf3 d6 5. Bg5 Bg4 6. Be2 Qb6 7. Be3 Bxf3 8.
Bxf3 Qxb2 9. Ne2 Qb6 10. O-O Qc7 11. Rb1 e6 12. c4 Ne7 13. Qb3 b6 14. Nc3 O-O
15. Rfd1 Nd7 16. d5 Ne5 17. Be2 exd5 18. cxd5 c5 19. f4 c4 20. Qb4 Nd3 21. Bxd3
cxd3 22. Rxd3 Rfc8 23. Rc1 Qc4 24. Qb1 a6 25. Kf2 f5 26. exf5 Nxf5 27. Ne2 Qe4
28. Rxc8+ Rxc8 29. Rb3 Rc2 30. Kf1 Nxe3+ 31. Rxe3 Qxe3 32. Qxc2 Qc5 33. Qe4 Qc8
34. h3 Kf7 35. Kf2 b5 36. g4 a5 37. Qd3 Qc5+ 38. Kg2 b4 39. f5 a4 40. fxg6+
hxg6 41. Nf4 Qc3 42. Qxg6+ Kg8 43. Qe6+ Kh7 44. Qf5+ Kg8 45. Qe6+ 1/2-1/2

[Event "Vladimir Dvorkovich Mem 2014"]
[Site "Taganrog RUS"]
[Date "2014.01.20"]
[Round "3.38"]
[White "Babkin, Anatoliy"]
[Black "Bogdanov, R."]
[Result "1-0"]
[WhiteElo "1836"]
[BlackElo "2048"]
[PlyCount "67"]
[EventDate "2014.01.18"]
[EventType "swiss"]
[EventRounds "9"]
[EventCountry "RUS"]
[Source "Mark Crowther"]
[SourceDate "2014.01.27"]

1. c4 f5 2. g3 e6 3. Bg2 d5 4. d3 c6 5. Nd2 Nf6 6. Ngf3 Bc5 7. a3 dxc4 8. Nxc4
b5 9. Nce5 O-O 10. O-O Qe8 11. Qc2 Bd6 12. b4 a5 13. bxa5 Rxa5 14. Bb2 Bb7 15.
Qb3 Na6 16. Rfc1 c5 17. Ng5 Bxg2 18. Kxg2 Nd5 19. e4 fxe4 20. dxe4 c4 21. Qd1
c3 22. Bxc3 Nxc3 23. Qxd6 h6 24. Rxc3 hxg5 25. Rc6 Nb8 26. Rb6 Kh7 27. Rb7 Ra4
28. f3 Ra6 29. Qc7 Rg8 30. Rd1 Rxa3 31. Nf7 Ra2+ 32. Kh3 Kg6 33. Rd8 Qc6 34.
Ne5+ 1-0

[Event "Vladimir Dvorkovich Mem 2014"]
[Site "Taganrog RUS"]
[Date "2014.01.20"]
[Round "3.39"]
[White "Sazonova, A."]
[Black "Potemkin, Evgeny"]
[Result "1-0"]
[WhiteElo "2042"]
[BlackElo "1841"]
[PlyCount "95"]
[EventDate "2014.01.18"]
[EventType "swiss"]
[EventRounds "9"]
[EventCountry "RUS"]
[Source "Mark Crowther"]
[SourceDate "2014.01.27"]

1. e4 c5 2. Nf3 Nc6 3. d4 cxd4 4. Nxd4 Nf6 5. Nc3 h6 6. Nxc6 bxc6 7. e5 Ng8 8.
Bd3 d5 9. exd6 exd6 10. O-O Nf6 11. Re1+ Be7 12. Bf4 O-O 13. Rxe7 Qxe7 14. Bxd6
Qb7 15. Bxf8 Kxf8 16. b3 Bg4 17. Qd2 Rd8 18. Qf4 Be6 19. Na4 Qe7 20. Re1 g5 21.
Qe3 Ng4 22. Qc5 Qxc5 23. Nxc5 Bc8 24. f3 Nf6 25. a3 Rd5 26. b4 a5 27. c4 Rd4
28. bxa5 Nd7 29. Nxd7+ Bxd7 30. Bf1 Bc8 31. Rb1 Ke7 32. Rb6 Kd6 33. Kf2 Rd2+
34. Ke3 Ra2 35. Rb3 f5 36. a6 f4+ 37. Ke4 Ra1 38. Be2 Kc7 39. a7 Bb7 40. c5 Re1
41. Rb2 Ra1 42. Ba6 Ba8 43. Rb3 Re1+ 44. Kd4 Rd1+ 45. Kc4 Rc1+ 46. Kb4 Bb7 47.
Ka5 Ba8 48. Rb8 1-0

[Event "Vladimir Dvorkovich Mem 2014"]
[Site "Taganrog RUS"]
[Date "2014.01.21"]
[Round "4.1"]
[White "Maletin, P."]
[Black "Smirnov, P."]
[Result "1/2-1/2"]
[WhiteElo "2598"]
[BlackElo "2630"]
[PlyCount "80"]
[EventDate "2014.01.18"]
[EventType "swiss"]
[EventRounds "9"]
[EventCountry "RUS"]
[Source "Mark Crowther"]
[SourceDate "2014.01.27"]

1. c4 e6 2. g3 d5 3. Bg2 Nf6 4. Nf3 Be7 5. O-O O-O 6. d4 dxc4 7. Qa4 a6 8. Qxc4
b5 9. Qc2 Bb7 10. Bd2 Be4 11. Qc1 c6 12. Be3 Nbd7 13. Nc3 Bg6 14. Rd1 Rc8 15.
a3 Nd5 16. Bg5 Nxc3 17. bxc3 Bxg5 18. Nxg5 c5 19. Qe3 cxd4 20. Rxd4 Qe7 21. a4
Nc5 22. axb5 axb5 23. Rb4 Na4 24. Rxb5 Nxc3 25. Rba5 Qb4 26. Nf3 Qe4 27. Qxe4
Bxe4 28. Nd4 Rfd8 29. e3 Bxg2 30. Kxg2 Nd5 31. Ra7 Nf6 32. Rb7 Rd7 33. Rxd7
Nxd7 34. Ra2 Kf8 35. Rc2 Rxc2 36. Nxc2 Ke7 37. f4 g6 38. Kf3 h5 39. h3 Nc5 40.
g4 hxg4+ 1/2-1/2

[Event "Vladimir Dvorkovich Mem 2014"]
[Site "Taganrog RUS"]
[Date "2014.01.21"]
[Round "4.2"]
[White "Khismatullin, D."]
[Black "Shomoev, A."]
[Result "1-0"]
[WhiteElo "2674"]
[BlackElo "2560"]
[PlyCount "111"]
[EventDate "2014.01.18"]
[EventType "swiss"]
[EventRounds "9"]
[EventCountry "RUS"]
[Source "Mark Crowther"]
[SourceDate "2014.01.27"]

1. d4 Nf6 2. c4 e6 3. Nf3 b6 4. g3 Bb4+ 5. Bd2 Bxd2+ 6. Qxd2 Ba6 7. b3 c6 8.
Nc3 d5 9. e4 Nxe4 10. Nxe4 dxe4 11. Ng5 c5 12. Bg2 Nc6 13. dxc5 Qxd2+ 14. Kxd2
f5 15. Nxe6 Kf7 16. Nf4 bxc5 17. f3 Rad8+ 18. Kc3 e3 19. Nd3 Rhe8 20. f4 e2 21.
Bd5+ Rxd5 22. cxd5 Re3 23. dxc6 Rxd3+ 24. Kc2 Rd6 25. Rhe1 Rxc6 26. Kd2 Rd6+
27. Ke3 Ke7 28. Rac1 Rd5 29. Rc3 g6 30. Kf2 Kd6 31. Re3 Rd1 32. Re8 Bd3 33. Rh8
h5 34. Ra8 Kd5 35. Rxa7 Kd4 36. Rg7 Kc3 37. Rxg6 Bb5 38. Re6 Kd2 39. R1xe2+
Bxe2 40. Rxe2+ Kd3 41. Re3+ Kd4 42. Re5 Rd2+ 43. Re2 Rd1 44. Kg2 Kd3 45. Rf2 h4
46. gxh4 Ke4 47. h5 Rd8 48. Kh3 Ke3 49. Rf1 Rg8 50. a4 Rg7 51. a5 Ke4 52. a6
Ra7 53. Kh4 Rxa6 54. Kg5 Rb6 55. Re1+ Kd4 56. Rb1 1-0

[Event "Vladimir Dvorkovich Mem 2014"]
[Site "Taganrog RUS"]
[Date "2014.01.21"]
[Round "4.3"]
[White "Belous, V."]
[Black "Sjugirov, S."]
[Result "1-0"]
[WhiteElo "2569"]
[BlackElo "2651"]
[PlyCount "137"]
[EventDate "2014.01.18"]
[EventType "swiss"]
[EventRounds "9"]
[EventCountry "RUS"]
[Source "Mark Crowther"]
[SourceDate "2014.01.27"]

1. c4 Nf6 2. Nc3 e5 3. Nf3 Nc6 4. g3 Nd4 5. Bg2 Nxf3+ 6. Bxf3 Bb4 7. Qb3 Bc5 8.
O-O O-O 9. d3 Re8 10. Bd2 c6 11. Rac1 h6 12. Bg2 a6 13. Na4 Ba7 14. c5 d5 15.
cxd6 Qxd6 16. Bb4 Qc7 17. Bc5 Bxc5 18. Nxc5 Re7 19. Qa3 Rb8 20. b4 Bg4 21. Qb2
Nd7 22. Rc4 Nxc5 23. Rxg4 Ne6 24. Rc4 Nd4 25. a4 Qd6 26. Rc5 Rd8 27. e3 Ne6 28.
Rc3 Red7 29. Rfc1 Qe7 30. b5 axb5 31. axb5 c5 32. b6 Rxd3 33. Rxd3 Rxd3 34.
Qxe5 Qd6 35. Qe4 Rb3 36. Qxb7 Rxb6 37. Qc8+ Kh7 38. Qe8 Kg6 39. Qa4 Rb4 40.
Qc2+ Kf6 41. h4 Qe5 42. Bh3 g6 43. Qd1 h5 44. Qd7 Qe4 45. Bxe6 Qxe6 46. Qxe6+
Kxe6 47. Rxc5 Rb2 48. Kg2 Ra2 49. Kf3 Rb2 50. Rc3 Ra2 51. e4 Kf6 52. Ke3 Ke6
53. Rd3 Ke5 54. Rd2 Ra3+ 55. Rd3 Ra2 56. Rd5+ Kf6 57. Rd2 Ra6 58. Kf4 Ke6 59.
Kg5 Ra4 60. Re2 Rb4 61. Re3 Rb2 62. f4 Rb5+ 63. f5+ Ke7 64. Rf3 Rb6 65. fxg6
fxg6 66. Kh6 Re6 67. Kg7 Ke8 68. Rf6 Rxe4 69. Rxg6 1-0

[Event "Vladimir Dvorkovich Mem 2014"]
[Site "Taganrog RUS"]
[Date "2014.01.21"]
[Round "4.4"]
[White "Kokarev, Dm"]
[Black "Kryakvin, D."]
[Result "1/2-1/2"]
[WhiteElo "2625"]
[BlackElo "2588"]
[PlyCount "96"]
[EventDate "2014.01.18"]
[EventType "swiss"]
[EventRounds "9"]
[EventCountry "RUS"]
[Source "Mark Crowther"]
[SourceDate "2014.01.27"]

1. e4 e6 2. d4 d5 3. Nd2 Nf6 4. e5 Nfd7 5. Bd3 c5 6. c3 Nc6 7. Ne2 cxd4 8. cxd4
f6 9. exf6 Nxf6 10. Nf3 Bd6 11. O-O Qc7 12. g3 O-O 13. Bf4 Ng4 14. Rc1 Bxf4 15.
Nxf4 Rxf4 16. gxf4 Qxf4 17. Be2 Bd7 18. Qd2 Qf5 19. h3 Nf6 20. Qe3 Ne4 21. Nh2
Rf8 22. Rcd1 Qg6+ 23. Kh1 Rxf2 24. Rg1 Qf6 25. Bf3 e5 26. Bxe4 dxe4 27. Rgf1
Rxf1+ 28. Rxf1 exd4 29. Qxe4 Qd6 30. Nf3 h6 31. Kg2 Be6 32. Kf2 Bxa2 33. Qe8+
Kh7 34. Qe4+ Qg6 35. Qxg6+ Kxg6 36. Rd1 Be6 37. Kg3 a5 38. Nxd4 Nxd4 39. Rxd4
b5 40. Rd6 Kf5 41. Rb6 Bd7 42. Rd6 Be8 43. b3 Ke5 44. Ra6 Kd4 45. Rxa5 Kc3 46.
Ra7 Kxb3 47. Rxg7 b4 48. Kh4 Ka3 1/2-1/2

[Event "Vladimir Dvorkovich Mem 2014"]
[Site "Taganrog RUS"]
[Date "2014.01.21"]
[Round "4.5"]
[White "Bukavshin, I."]
[Black "Rakhmanov, Ale"]
[Result "1/2-1/2"]
[WhiteElo "2578"]
[BlackElo "2606"]
[PlyCount "80"]
[EventDate "2014.01.18"]
[EventType "swiss"]
[EventRounds "9"]
[EventCountry "RUS"]
[Source "Mark Crowther"]
[SourceDate "2014.01.27"]

1. d4 e6 2. Nf3 Nf6 3. c4 b6 4. Nc3 Bb7 5. a3 g6 6. Bf4 Bg7 7. e3 d6 8. Be2
Nbd7 9. Qc2 h6 10. h3 O-O 11. O-O Qe7 12. Rad1 a6 13. Bh2 Nh7 14. e4 Ng5 15. b4
Nxf3+ 16. Bxf3 Rfd8 17. d5 e5 18. Na4 h5 19. Rb1 c6 20. Nc3 cxd5 21. cxd5 Rdc8
22. Qd3 Bh6 23. Bd1 a5 24. Nb5 Nf6 25. f4 exf4 26. Bxf4 Bxf4 27. Rxf4 axb4 28.
Qd4 Nd7 29. Qxb4 Rc5 30. a4 Qe5 31. Rf2 Ba6 32. Be2 Nf6 33. Nxd6 Qxd6 34. Bxa6
Rxa6 35. Rbf1 Rxd5 36. Qxd6 Rxd6 37. e5 Re6 38. Rxf6 Rxf6 39. Rxf6 Rxa4 40. e6
fxe6 1/2-1/2

[Event "Vladimir Dvorkovich Mem 2014"]
[Site "Taganrog RUS"]
[Date "2014.01.21"]
[Round "4.7"]
[White "Onischuk, V."]
[Black "Papin, V."]
[Result "0-1"]
[WhiteElo "2594"]
[BlackElo "2510"]
[PlyCount "76"]
[EventDate "2014.01.18"]
[EventType "swiss"]
[EventRounds "9"]
[EventCountry "RUS"]
[Source "Mark Crowther"]
[SourceDate "2014.01.27"]

1. e4 c5 2. Nf3 e6 3. b3 b6 4. Bb2 Bb7 5. Nc3 Nc6 6. g3 d6 7. Bg2 Be7 8. d4
cxd4 9. Nxd4 Nxd4 10. Qxd4 Nf6 11. Qa4+ Nd7 12. Qd4 Nf6 13. Qa4+ Nd7 14. O-O-O
O-O 15. Rd2 a6 16. Qd4 e5 17. Qe3 b5 18. Rhd1 Qc7 19. Bh3 b4 20. Nd5 Bxd5 21.
exd5 a5 22. f4 Bf6 23. Bxd7 Qxd7 24. fxe5 Bxe5 25. Bxe5 Rfe8 26. Qb6 Rxe5 27.
Kb2 Qe7 28. a3 bxa3+ 29. Kxa3 h6 30. Qc6 Rb8 31. Qc3 Rb5 32. Kb2 Rc5 33. Qf3
Re3 34. Qf5 a4 35. Rd4 axb3 36. cxb3 Qc7 37. R1d2 Qa5 38. R4d3 Re1 0-1

[Event "Vladimir Dvorkovich Mem 2014"]
[Site "Taganrog RUS"]
[Date "2014.01.21"]
[Round "4.10"]
[White "Demchenko, A."]
[Black "Gorkavij, V."]
[Result "1-0"]
[WhiteElo "2617"]
[BlackElo "2354"]
[PlyCount "51"]
[EventDate "2014.01.18"]
[EventType "swiss"]
[EventRounds "9"]
[EventCountry "RUS"]
[Source "Mark Crowther"]
[SourceDate "2014.01.27"]

1. e4 d6 2. d4 Nf6 3. Nc3 e5 4. Nf3 Nbd7 5. Bc4 Be7 6. O-O O-O 7. a4 c6 8. Re1
a5 9. Ba2 Qc7 10. h3 Re8 11. Be3 Bf8 12. Ng5 Re7 13. f4 h6 14. Nf3 exd4 15.
Bxd4 d5 16. e5 Ne8 17. Bf2 Nb6 18. Qd4 Ra6 19. Bh4 Rd7 20. f5 c5 21. Qd2 c4 22.
e6 fxe6 23. fxe6 Bc5+ 24. Kh1 Rd6 25. Nb5 Qb8 26. Qf4 1-0

[Event "Vladimir Dvorkovich Mem 2014"]
[Site "Taganrog RUS"]
[Date "2014.01.21"]
[Round "4.11"]
[White "Grigoriants, S RUS."]
[Black "Vastrukhin, O."]
[Result "1-0"]
[WhiteElo "2581"]
[BlackElo "2370"]
[PlyCount "75"]
[EventDate "2014.01.18"]
[EventType "swiss"]
[EventRounds "9"]
[EventCountry "RUS"]
[Source "Mark Crowther"]
[SourceDate "2014.01.27"]

1. c4 Nf6 2. Nc3 d5 3. cxd5 Nxd5 4. Nf3 g6 5. g3 Bg7 6. Bg2 O-O 7. O-O c5 8.
Qa4 Nc6 9. Rd1 e6 10. Qc4 Qe7 11. d3 Nxc3 12. bxc3 Na5 13. Qa4 Bxc3 14. Rb1 b6
15. Bg5 Qe8 16. Qh4 Bg7 17. Be7 Bb7 18. Bxf8 Qxf8 19. Ng5 h6 20. Bxb7 Nxb7 21.
Nf3 Nd6 22. Qa4 Qd8 23. Rdc1 b5 24. Qa3 c4 25. dxc4 Nxc4 26. Qa6 Nd2 27. Rxb5
Nxf3+ 28. exf3 Qd2 29. Qc6 Rd8 30. Qc2 Rd3 31. Rb8+ Kh7 32. Qxd2 Rxd2 33. Rb7
g5 34. Rxf7 Kg6 35. Rxg7+ Kxg7 36. Rc7+ Kf6 37. Rxa7 Rd1+ 38. Kg2 1-0

[Event "Vladimir Dvorkovich Mem 2014"]
[Site "Taganrog RUS"]
[Date "2014.01.21"]
[Round "4.12"]
[White "Gabrielian, A."]
[Black "Saduakassova, D."]
[Result "1-0"]
[WhiteElo "2555"]
[BlackElo "2348"]
[PlyCount "79"]
[EventDate "2014.01.18"]
[EventType "swiss"]
[EventRounds "9"]
[EventCountry "RUS"]
[Source "Mark Crowther"]
[SourceDate "2014.01.27"]

1. e4 e5 2. Nf3 Nf6 3. Nxe5 d6 4. Nf3 Nxe4 5. Nc3 Nxc3 6. dxc3 Be7 7. Bf4 Nd7
8. Qd2 O-O 9. O-O-O Nc5 10. h4 c6 11. c4 Re8 12. Re1 Bg4 13. Nd4 Bf6 14. Rxe8+
Qxe8 15. Nb3 Ne4 16. Qe3 Be5 17. Bd3 Nf6 18. f3 Bh5 19. g4 Bg6 20. h5 Bxd3 21.
cxd3 h6 22. Bxe5 Qxe5 23. Qxe5 dxe5 24. Na5 Rb8 25. Re1 Nd7 26. b4 f6 27. Kd2
Kf7 28. Rf1 c5 29. a3 a6 30. f4 b6 31. Nc6 Re8 32. a4 cxb4 33. Nxb4 exf4 34.
Rxf4 Nc5 35. d4 Nxa4 36. Nxa6 Rc8 37. d5 Nc5 38. Nxc5 Rxc5 39. Kc3 g6 40. Kb4
1-0

[Event "Vladimir Dvorkovich Mem 2014"]
[Site "Taganrog RUS"]
[Date "2014.01.21"]
[Round "4.13"]
[White "Stukopin, A."]
[Black "Rjabzev, K."]
[Result "1-0"]
[WhiteElo "2523"]
[BlackElo "2304"]
[PlyCount "71"]
[EventDate "2014.01.18"]
[EventType "swiss"]
[EventRounds "9"]
[EventCountry "RUS"]
[Source "Mark Crowther"]
[SourceDate "2014.01.27"]

1. e4 g6 2. d4 Bg7 3. Nc3 d6 4. Nf3 c6 5. a4 Nf6 6. a5 O-O 7. Be2 Na6 8. O-O
Nc7 9. e5 dxe5 10. Nxe5 Ne6 11. Be3 Qc7 12. f4 Rd8 13. Bc4 Nd5 14. Nxd5 cxd5
15. Bb3 Bxe5 16. fxe5 Ng7 17. Qf3 Be6 18. Bd2 Nf5 19. Qf4 h5 20. h3 Qd7 21. Bb4
Qb5 22. c3 Qe2 23. Rf2 Qe3 24. Qxe3 Nxe3 25. Bxe7 Rd7 26. Bg5 Nf5 27. Kh2 Rb8
28. Ba4 b5 29. axb6 Rdb7 30. g4 Ng7 31. Bd1 hxg4 32. hxg4 Rxb6 33. b4 Rc8 34.
Bd2 Rc7 35. Kg3 Rbc6 36. Rf3 1-0